| 000 | 00629nam a2200229 a 4500 | ||
|---|---|---|---|
| 999 |
_c11719 _d11719 |
||
| 001 | 11719 | ||
| 003 | BD-JhCC | ||
| 005 | 20221115134023.0 | ||
| 008 | 200809r20072014enk |||| ||a| 000 0 eng d | ||
| 020 | _a9781904233916 | ||
| 035 | _a(BD-JhCC)11719 | ||
| 040 |
_aBD-JhCC _dBD-JhCC |
||
| 041 | _aeng | ||
| 082 |
_a791.4372 _bMEY 2014 |
||
| 100 | _aMeyer, Stephenie | ||
| 245 |
_aEclipse / _cStephenie Meyer . |
||
| 260 |
_aLondon: _bAtom; _c2014. |
||
| 300 |
_a559 p. : _c20 cm |
||
| 650 |
_aVampires _xWerewolves _ySwan, Bella (Fictitious character) _zTwilight saga (Meyer, Stephenie) |
||
| 942 |
_2ddc _cBK _06 |
||